| 000 | 01365nam a2200337 i 4500 | ||
|---|---|---|---|
| 003 | DO-SdUA | ||
| 005 | 20260430150007.0 | ||
| 007 | ta | ||
| 008 | 260430e2011 dr a|||gr|||||||1 | spa d | ||
| 020 | _a9789945872828 | ||
| 035 | _a(DO-SdUA)68420 | ||
| 040 |
_aDO-SdUA _bspa _cDO-SdUA _dDO-SdBNP _erda |
||
| 041 | 0 | _aspa | |
| 082 | 0 | 4 |
_a333.716 _2G856 2011 _b22 |
| 245 | 0 | 0 |
_aGuía para buenas prácticas ambientales en mercados y mataderos municipales / _cMaría Antonia Taveras. |
| 250 | _aSegunda edición. | ||
| 264 |
_aSanto Domingo, República Dominicana : _bMinisterio de Medio Ambiente y Recursos Naturales, _c2011. |
||
| 300 |
_a48 páginas : _bilustraciones, gráficas ; _c28 x 21 cm. |
||
| 336 |
_atexto _btxt _2rdacontent |
||
| 337 |
_asin mediación _bn _2rdamedia |
||
| 338 |
_avolumen _bnc _2rdacarrier |
||
| 500 | _aTítulo tomado de la Tapa del libro. | ||
| 504 | _aIncluye referencias bibliográficas e índice. | ||
| 650 | 7 |
_aProtección del medio ambiente _zRepública Dominicana _2lemb |
|
| 650 | 7 |
_aPolítica ambiental _zRepública Dominicana _2lemb _910809 |
|
| 650 | 7 |
_aMedio ambiente _zRepública Dominicana _2lemb _97278 |
|
| 650 | 7 |
_aGestión ambiental _zRepública Dominicana _2lemb _933772 |
|
| 650 | 7 |
_aSaneamiento ambiental _zRepública Dominicana _2lemb _989445 |
|
| 700 | 1 |
_aTaveras, María Guadalupe _989446 |
|
| 942 |
_2ddc _cLBS1 |
||
| 999 |
_c60647 _d60647 |
||